Rynek kapitałów pieniężnych wybrane zagadnienia

Gespeichert in:
Bibliographische Detailangaben
Weitere Verfasser: Gruszczyńska-Brożbar, Elżbieta
Format: Buch
Sprache:Polnisch
Englisch
Veröffentlicht: Poznań Wydawnictwo Uniwersytetu Ekonomicznego w Poznaniu 2010
Schriftenreihe:Zeszyty naukowe 164
Schlagworte:
Tags: Tag hinzufügen
Keine Tags, Fügen Sie das erste Tag hinzu!

MARC

LEADER 00000nam a2200000 4500
001 0132569
005 20240109072235.4
020 |a 978-83-7417-541-8 
022 |a 1689-7374 
041 0 |a pol 
041 0 |a eng 
044 |a PL 
245 1 0 |a Rynek kapitałów pieniężnych  |b wybrane zagadnienia  |c redaktor naukowy Elżbieta Gruszczyńska-Brożbar 
264 1 |a Poznań  |b Wydawnictwo Uniwersytetu Ekonomicznego w Poznaniu  |c 2010 
300 |a 110 s. 
490 1 |a Zeszyty naukowe  |v 164 
830 0 |a Zeszyty naukowe  |v 164 
610 2 0 |a trh finančný 
610 2 0 |a trh kapitálový 
610 2 0 |a trh peňažný 
610 2 0 |a banky 
610 2 0 |a kríza finančná 
610 2 0 |a inflácia 
700 1 |a Gruszczyńska-Brożbar, Elżbieta